Online
Catalog

La Choca : (Record no. 3907)

MARC details
000 -CABECERA
campo de control de longitud fija 00562cam a22001811 4500
001 - NÚMERO DE CONTROL
campo de control 000004089
005 - FECHA Y HORA DE LA ÚLTIMA TRANSACCIÓN
campo de control 20200929150711.0
008 - DATOS DE LONGITUD FIJA--INFORMACIÓN GENERAL
campo de control de longitud fija 760512s1971 mx 000 1 spa
040 ## - FUENTE DE LA CATALOGACIÓN
Centro catalogador/agencia de origen DO-SdBNP
Lengua de catalogación spa
Centro/agencia transcriptor BNPHU
082 ## - NÚMERO DE LA CLASIFICACIÓN DECIMAL DEWEY
Número de clasificación xxxx
Número de documento/Ítem B935c
100 1# - ENTRADA PRINCIPAL--NOMBRE DE PERSONA
Nombre de persona Bullard, A. D.
9 (RLIN) 12180
245 13 - MENCIÓN DE TÍTULO
Título La Choca :
Resto del título novela /
Mención de responsabilidad, etc. A. D. Bullard.
260 ## - PUBLICACIÓN, DISTRIBUCIÓN, ETC.
Lugar de publicación, distribución, etc. México :
Nombre del editor, distribuidor, etc. Organizacion Editorial Novaro,
Fecha de publicación, distribución, etc. [1971].
300 ## - DESCRIPCIÓN FÍSICA
Extensión 123 p. ;
Dimensiones 21cm.
490 1# - MENCIÓN DE SERIE
Mención de serie Grandes escritores mexicanos
Designación de volumen o secuencia 45
830 #0 - PUNTO DE ACCESO ADICIONAL DE SERIE-TÍTULO UNIFORME
Título uniforme Grandes escritores mexicanos
Designación de volumen o secuencia 45
9 (RLIN) 12181
910 ## - DATOS DE OPCIÓN DEL USUARIO (OCLC)
Datos de opción del usuario Catalogación por copia / LC
Holdings
Estado de retiro Estado de pérdida Restricciones de uso No para préstamo Código de colección Localización permanente Ubicación/localización actual Ubicación en estantería Fecha de adquisición Número de inventario Total de préstamos Signatura topográfica completa Código de barras Fecha visto por última vez Precio válido a partir de Tipo de ítem Koha
    Préstamo interno   Monografías: Libros y Folletos General General En catalogación 16.07.2009 LF1   xxxx B935c 4089-10 25.06.2020 25.06.2020 Préstamo interno

Powered by Koha